00979 2200361 4500001002100000005001500021035002500036008004100061020002200102040001700124041000800141082001400149084001600163090002000179090002100199100001700220245005000237260003500287300004900322504003300371650002700404850001200431007000300443999002100446990002100467990001800488990001800506990001800524990002100542990001800563990001800581990001800599INLIS00000000003301320191001022809 a0010-011800000000158180124t20172017yoia g ind d a978-602-6324-33-7 aYOPDYOGbind0 aind04223a621.3 a621.3 Tas P aDEP 621.3 Tas P aCB-D.11 2017-9310 aTasiam, F.J.0 aProteksi sistem tenaga listrik /cF.J. Tasiam3 aYogyakarta :bTeknosain,c2017 axi, 219 halaman :bilustrasi, tabel ;c25 cm aBibliografi: halaman 207-211 4aTenaga listrik, sistem aYOPDYOGta aCB-D.11/2017-931 aCB-D.11/2017-931 a37399-PD/B.18 a37400-PD/B.18 a37401-PD/B.18 aCB-D.11/2017-931 a37399-PD/B.18 a37400-PD/B.18 a37401-PD/B.18